Online Catalogue and eLibrary

Puthuk kavithai : (Record no. 4215)

MARC details
000 -LEADER
fixed length control field 00398nam a2200157Ia 4500
005 - DATE AND TIME OF LATEST TRANSACTION
control field 20250402010409.0
008 - FIXED-LENGTH DATA ELEMENTS--GENERAL INFORMATION
fixed length control field 240331s9999 xx 000 0 und d
082 ## - DDC Classification
Item Number - Author Mark VAN
Class No. 894
100 ## - MAIN ENTRY--PERSONAL NAME
Personal name Vanamaamalai, N
245 #0 - TITLE STATEMENT
Title Puthuk kavithai :
Remainder of title mutpokkumpiypokkum
250 ## - EDITION STATEMENT
Edition statement 3rd
260 ## - PUBLICATION, DISTRIBUTION, ETC.
Place of publication, distribution, etc. Chennai
Name of publisher, distributor, etc. Makkal velyitu
Date of publication, distribution, etc. 1978
300 ## - PHYSICAL DESCRIPTION
Extent (e.g. Volumes, Pages etc.) 103 p .,
500 ## - GENERAL NOTE
General note Kavithaikalum Athanoodaga
942 ## - Koha item type (Biblio)
Koha item type Books in Stacks (Lending)
Holdings
Lost status Damaged status Collection code Home library Current library Shelving location Date acquired Full call number Accession Number Item type
    Lending WERC Library WERC Library Social Science Cupboard 03/31/2024 895 VAN 4196 Books in Stacks (Lending)

© WERC Library